000 00645nam a2200217Ia 4500
005 20250508153803.0
008 008 250505s9999 xx 000 0 eng d
037 _aTextual
040 _aFEDL
_beng
_cFEDL
041 _aeng
_2eng
084 _a371.26, HAR
_qFEDL
100 _aHartog Philips
_9764418
245 0 _aMarks of examiners
260 _aLondon, UK
_bMacmillan and Co Limited
_c1936
300 _axix,344p
490 _aInternational institute examinations enquiry
650 _aEducational - Tests and Measurement
700 _a Rhodes E C
_9764419
942 _cTEXL
_h371.26, HAR
999 _c1345494
_d1345494